[Event "TUR Cup"]
[Site "Antalya"]
[Date "2019.01.30"]
[Round "5"]
[White "Kiyagan, Erhan"]
[Black "Bek, Emir"]
[Result "0-1"]
[WhiteElo "1714"]
[BlackElo "1844"]
[PlyCount "162"]
[EventDate "2019.01.27"]
[EventType "swiss"]
[EventRounds "11"]
[EventCountry "TUR"]
[SourceTitle "CBM 188 Extra"]
[Source "ChessBase"]
[SourceDate "2019.02.26"]
[SourceVersion "1"]
[SourceVersionDate "2019.02.26"]
[SourceQuality "1"]

1. e4 e6 2. d4 d5 3. exd5 exd5 4. Nf3 Bd6 5. Be2 Ne7 6. 0-0 0-0 7. b3 c6 8. c4 Re8 9. Nc3 f6 10. Re1 Be6 11. Bd3 Bf7 12. Qc2 g6 13. Bh6 Na6 14. a3 Kh8 15. c5 Ng8 16. Bd2 Bf8 17. Bxa6 bxa6 18. Qd3 Qc8 19. Na2 g5 20. Rxe8 Bxe8 21. Re1 Bg6 22. Qe2 Rb8 23. b4 Qb7 24. Nc3 h6 25. h4 g4 26. Nh2 h5 27. Nf1 Re8 28. Qd1 Rxe1 29. Qxe1 Qe7 30. Qxe7 Bxe7 31. Bf4 Bd3 32. a4 f5 33. b5 axb5 34. axb5 cxb5 35. Nxd5 a5 36. c6 b4 37. Nb6 Nf6 38. c7 Ba6 39. c8Q+ Bxc8 40. Nxc8 Nd5 41. Be5+ Kg8 42. Nxe7+ Nxe7 43. Nd2 a4 44. Bd6 Nd5 45. Kf1 Kf7 46. Ke2 Ke6 47. Bc5 Nf4+ 48. Kf1 b3 49. g3 Nd3 50. Ba3 Kd5 51. Ke2 Kxd4 52. f3 gxf3+ 53. Kxf3 Kc3 54. Ke3 b2 55. Nb1+ Kc2 56. Nd2 Ne5 57. Ke2 Nc4 58. Bxb2 Nxd2 59. Ba3 Nc4 60. Be7 Kc3 61. Kf3 Nb6 62. Bf6+ Kd3 63. Ba1 Nd5 64. Bb2 Kc2 65. Ba3 Kb3 66. Bc5 a3 67. Bxa3 Kxa3 68. Ke2 Kb4 69. Kd3 Kc5 70. Ke2 Kd4 71. Kf3 Kd3 72. Kf2 Ke4 73. Ke2 Nf6 74. Kf2 Ng4+ 75. Ke2 Ne5 76. Kf2 Kd3 77. Kf1 Ke3 78. Kg2 Ke2 79. Kg1 Kf3 80. Kh2 Kf2 81. Kh3 Nf3 0-1

[Event "TUR Cup"]
[Site "Antalya"]
[Date "2019.01.27"]
[Round "1"]
[White "Kiyagan, Erhan"]
[Black "Yelligedik, Murat"]
[Result "1/2-1/2"]
[WhiteElo "1714"]
[BlackElo "2055"]
[PlyCount "125"]
[EventDate "2019.01.27"]
[EventType "swiss"]
[EventRounds "11"]
[EventCountry "TUR"]
[SourceTitle "CBM 188 Extra"]
[Source "ChessBase"]
[SourceDate "2019.02.26"]
[SourceVersion "1"]
[SourceVersionDate "2019.02.26"]
[SourceQuality "1"]

1. e4 c5 2. Nc3 Nc6 3. g3 g6 4. Bg2 Bg7 5. d3 d6 6. h3 Nf6 7. Be3 0-0 8. Qd2 Nd4 9. Nge2 e5 10. 0-0 Bxh3 11. Bxd4 Bxg2 12. Kxg2 cxd4 13. Nd5 Nxd5 14. exd5 Qb6 15. c4 dxc3 16. bxc3 Qa5 17. Rab1 f5 18. f3 Qxd5 19. c4 Qc6 20. Nc3 Rfe8 21. Rbe1 Rac8 22. Nb5 Ra8 23. Nc3 a6 24. a4 Rad8 25. a5 Qc5 26. Nd5 e4 27. fxe4 fxe4 28. dxe4 Qxc4 29. Qe2 Qd4 30. Rf3 Rc8 31. Rd3 Qa4 32. Nb6 Qb4 33. Nxc8 Rxc8 34. Qd2 Qa4 35. Re2 Be5 36. Qa2+ Qxa2 37. Rxa2 Kf7 38. Rb3 Rc7 39. Ra4 Bc3 40. Ra2 Ke6 41. Rc2 Bxa5 42. Rxc7 Bxc7 43. Rxb7 Kd7 44. Kf3 Kc6 45. Rb2 a5 46. Ke3 Bd8 47. Kd3 Bf6 48. Rf2 Be5 49. Rf7 h5 50. Kc4 Bxg3 51. Rg7 h4 52. Rxg6 Be5 53. Rh6 Bg3 54. Rh8 Be1 55. Rh6 Bg3 56. Rh5 Be1 57. Rh6 Bg3 58. Rh5 a4 59. Kb4 Kd7 60. Kxa4 Ke6 61. Kb5 Kf6 62. Kc6 Kg6 63. Rxh4 1/2-1/2

[Event "Manavgat Turkey Cup"]
[Site "Manavgat"]
[Date "2016.02.02"]
[Round "5"]
[White "Kiyagan, Erhan"]
[Black "Alevli, Gercek"]
[Result "1-0"]
[WhiteElo "1744"]
[BlackElo "1672"]
[PlyCount "117"]
[EventDate "2016.01.30"]
[EventType "swiss"]
[EventRounds "11"]
[EventCountry "TUR"]
[SourceTitle "CBM 170 Extra"]
[Source "ChessBase"]
[SourceDate "2016.02.25"]
[SourceVersion "1"]
[SourceVersionDate "2016.02.25"]
[SourceQuality "1"]

1. e4 e5 2. Nf3 Nc6 3. Bc4 Be7 4. 0-0 Nf6 5. Re1 0-0 6. c3 h6 7. d4 exd4 8. e5 Nh7 9. cxd4 d6 10. Qc2 Ng5 11. Bxg5 Bxg5 12. h3 dxe5 13. dxe5 Nd4 14. Nxd4 Qxd4 15. Na3 c6 16. Rad1 Qb6 17. Bb3 Qc7 18. Nc4 Be6 19. Nd6 Rad8 20. Bxe6 fxe6 21. Qb3 Qe7 22. Qxb7 Qxb7 23. Nxb7 Rb8 24. Rd7 Rf7 25. Rxf7 Kxf7 26. Nd6+ Ke7 27. b3 Bd2 28. Re4 a5 29. Rc4 Kd7 30. Rd4 Bc3 31. Rd3 Ba1 32. Rd1 a4 33. Rxa1 axb3 34. axb3 Rxb3 35. Ra7+ Kd8 36. Nb7+ Ke8 37. Nc5 Rb5 38. Nd3 Rd5 39. Nb4 Rd1+ 40. Kh2 c5 41. Na6 c4 42. Rc7 Rc1 43. Nc5 c3 44. Nxe6 Rc2 45. f4 g5 46. f5 Re2 47. Ng7+ Kd8 48. Rc5 c2 49. e6 Ke7 50. Nh5 Kd6 51. Rc8 Ke7 52. Ng3 Rd2 53. Ne4 Re2 54. Ng3 Rd2 55. Ne4 Re2 56. Ng3 Rd2 57. Rc6 Ke8 58. f6 Rd6 59. f7+ 1-0

[Event "Manavgat Turkey Cup"]
[Site "Manavgat"]
[Date "2016.01.30"]
[Round "1"]
[White "Kiyagan, Erhan"]
[Black "Dogan, Ali Ekber"]
[Result "0-1"]
[WhiteElo "1744"]
[BlackElo "2140"]
[PlyCount "48"]
[EventDate "2016.01.30"]
[EventType "swiss"]
[EventRounds "11"]
[EventCountry "TUR"]
[SourceTitle "CBM 170 Extra"]
[Source "ChessBase"]
[SourceDate "2016.02.25"]
[SourceVersion "1"]
[SourceVersionDate "2016.02.25"]
[SourceQuality "1"]

1. e4 e6 2. d4 d5 3. exd5 exd5 4. Nf3 Bd6 5. Be2 Ne7 6. Be3 0-0 7. Nbd2 Nf5 8. Nf1 Re8 9. Qd2 Nxe3 10. fxe3 Nd7 11. 0-0-0 Nf6 12. Bd3 Qe7 13. Re1 c5 14. c3 c4 15. Bc2 b5 16. Ng3 b4 17. e4 bxc3 18. bxc3 Bxg3 19. hxg3 Qa3+ 20. Kd1 Nxe4 21. Bxe4 dxe4 22. Qc2 Bd7 23. Kd2 Ba4 24. Qc1 Qxa2+ 0-1

[Event "Manavgat Turkey Cup"]
[Site "Manavgat"]
[Date "2015.02.03"]
[Round "5"]
[White "Yelligedik, Murat"]
[Black "Kiyagan, Erhan"]
[Result "1-0"]
[WhiteElo "1886"]
[BlackElo "1711"]
[PlyCount "73"]
[EventDate "2015.01.31"]
[EventType "swiss"]
[EventRounds "11"]
[EventCountry "TUR"]
[SourceTitle "CBM 164 Extra"]
[Source "ChessBase"]
[SourceDate "2015.03.02"]
[SourceVersion "1"]
[SourceVersionDate "2015.03.02"]
[SourceQuality "1"]

1. e4 e5 2. Nf3 Nc6 3. d4 exd4 4. Bc4 Nf6 5. e5 d5 6. Bb5 Ne4 7. Nxd4 Bd7 8. Bxc6 bxc6 9. 0-0 Be7 10. f3 Nc5 11. f4 f5 12. b4 Ne6 13. Nxf5 Bxb4 14. c3 Bc5+ 15. Nd4 0-0 16. Be3 Bb6 17. a4 a5 18. Nd2 c5 19. Nxe6 Bxe6 20. Nb3 Qe7 21. f5 d4 22. cxd4 cxd4 23. Bxd4 Bxd4+ 24. Nxd4 Bc4 25. Re1 c5 26. Nc6 Qc7 27. Qd6 Qxd6 28. exd6 Ra6 29. d7 Rxc6 30. Rad1 Rcc8 31. dxc8Q Rxc8 32. Rd7 Bb3 33. Ree7 Rb8 34. Rxg7+ Kh8 35. Rxh7+ Kg8 36. f6 Be6 37. Rdg7+ 1-0

[Event "TUR-ch"]
[Site "Antalya"]
[Date "2013.02.05"]
[Round "5"]
[White "Kiyagan, Erhan"]
[Black "Metin, Oguz"]
[Result "0-1"]
[WhiteElo "1771"]
[BlackElo "2021"]
[PlyCount "56"]
[EventDate "2013.02.02"]
[EventType "swiss"]
[EventRounds "11"]
[EventCountry "TUR"]
[SourceTitle "CBM 152 Extra"]
[Source "ChessBase"]
[SourceDate "2013.02.25"]
[SourceVersion "1"]
[SourceVersionDate "2013.02.25"]
[SourceQuality "1"]

1. e4 c5 2. Nf3 d6 3. d4 cxd4 4. Nxd4 Nf6 5. Nc3 a6 6. Be2 g6 7. f3 Bg7 8. Be3 0-0 9. Qd2 Nc6 10. 0-0-0 Nxd4 11. Bxd4 b5 12. g4 b4 13. Nd5 Nxd5 14. Bxg7 Kxg7 15. Qxd5 Be6 16. Qd4+ f6 17. Bc4 Qc8 18. Bd5 Rb8 19. h3 a5 20. f4 a4 21. Kb1 b3 22. cxb3 axb3 23. a3 Qc2+ 24. Ka1 Bxd5 25. exd5 Ra8 26. Rd2 Qc5 27. Re1 Ra7 28. Rd3 Rxa3+ 0-1

[Event "TUR-ch op"]
[Site "Antalya"]
[Date "2008.02.08"]
[Round "8.78"]
[White "Kiyagan, Erhan"]
[Black "Varli, Mehmet Fatih"]
[Result "1-0"]
[WhiteElo "1432"]
[BlackElo "1564"]
[PlyCount "70"]
[EventDate "2008.02.04"]
[EventType "swiss"]
[EventRounds "11"]
[EventCountry "TUR"]
[SourceTitle "CBM 122 Extra"]
[Source "ChessBase"]
[SourceDate "2008.03.04"]
[SourceVersion "1"]
[SourceVersionDate "2008.03.04"]
[SourceQuality "1"]

1. e4 g6 2. d4 Bg7 3. Nf3 d6 4. Bc4 Nf6 5. Nc3 0-0 6. 0-0 Nxe4 7. Nxe4 d5 8. Bxd5 Qxd5 9. Nc3 Qd8 10. h3 h6 11. Be3 f5 12. Qd2 Kh7 13. Ne2 e6 14. Rad1 b6 15. c4 Bb7 16. Nf4 Re8 17. Qe2 Qe7 18. Bc1 Nd7 19. Rfe1 Nf8 20. Ne5 Rad8 21. Qc2 Be4 22. Qc3 c5 23. Qg3 cxd4 24. Nfxg6 Qf6 25. Nxf8+ Bxf8 26. Bf4 Re7 27. f3 Rg7 28. Qf2 Bb7 29. Nd3 Be7 30. Be5 Qf8 31. Bxg7 Kxg7 32. Nf4 Qf6 33. Nxe6+ Kh7 34. Nxd8 Bxd8 35. Qxd4 Qc6 1-0

[Event "TUR-ch op"]
[Site "Antalya"]
[Date "2008.02.06"]
[Round "5.81"]
[White "Erol, Adil Murat"]
[Black "Kiyagan, Erhan"]
[Result "1-0"]
[WhiteElo "1542"]
[BlackElo "1432"]
[PlyCount "117"]
[EventDate "2008.02.04"]
[EventType "swiss"]
[EventRounds "11"]
[EventCountry "TUR"]
[SourceTitle "CBM 122 Extra"]
[Source "ChessBase"]
[SourceDate "2008.03.04"]
[SourceVersion "1"]
[SourceVersionDate "2008.03.04"]
[SourceQuality "1"]

1. e4 e5 2. f4 exf4 3. Nf3 Be7 4. Bc4 Bh4+ 5. Kf1 Nh6 6. d4 b5 7. Bxb5 Ng4 8. Nxh4 Qxh4 9. Qe2 Nc6 10. c3 0-0 11. Bxf4 f5 12. e5 Ne7 13. Bg3 Qg5 14. Qd2 f4 15. Bf2 Ne3+ 16. Ke1 Nxg2+ 17. Kd1 Bb7 18. Rg1 Nf5 19. Bxd7 Nfe3+ 20. Kc1 Nc4 21. Be6+ Kh8 22. Bxc4 Qh5 23. d5 Qxh2 24. Bc5 f3 25. Qf2 Qf4+ 26. Nd2 Rf5 27. Bd4 Raf8 28. Kc2 Rd8 29. Rad1 Bxd5 30. Bxd5 Rxd5 31. Qxf3 Qxf3 32. Nxf3 Nf4 33. Bxa7 c6 34. Rxd5 cxd5 35. Bd4 Ne2 36. Rg2 Nf4 37. Rd2 Ne6 38. Ne1 h5 39. a4 g5 40. a5 Kh7 41. a6 Rf7 42. a7 Nxd4+ 43. Rxd4 Rxa7 44. Rxd5 Kg6 45. Rd6+ Kf5 46. e6 Re7 47. Kd3 g4 48. Ke3 h4 49. Kf2 Ke5 50. Ra6 Rb7 51. Nd3+ Kf5 52. Ra4 h3 53. Kg3 Rh7 54. Ra1 h2 55. Rh1 Rh3+ 56. Kf2 Rf3+ 57. Ke2 Ke4 58. Nf2+ Kf4 59. Nxg4 1-0

[Event "TUR-ch op"]
[Site "Antalya"]
[Date "2008.02.04"]
[Round "1.66"]
[White "Kiyagan, Erhan"]
[Black "Aysoy, Veysi"]
[Result "1/2-1/2"]
[WhiteElo "1432"]
[BlackElo "1906"]
[PlyCount "91"]
[EventDate "2008.02.04"]
[EventType "swiss"]
[EventRounds "11"]
[EventCountry "TUR"]
[SourceTitle "CBM 122 Extra"]
[Source "ChessBase"]
[SourceDate "2008.03.04"]
[SourceVersion "1"]
[SourceVersionDate "2008.03.04"]
[SourceQuality "1"]

1. e4 e5 2. Nf3 Nc6 3. Bc4 Nf6 4. Nc3 Bc5 5. d3 h6 6. h3 d6 7. a3 a6 8. Bd2 Qe7 9. Qe2 Be6 10. Bxe6 Qxe6 11. Be3 Bxe3 12. fxe3 d5 13. exd5 Nxd5 14. Nxd5 Qxd5 15. 0-0 e4 16. Nh2 exd3 17. cxd3 0-0-0 18. Rad1 f6 19. d4 Rhe8 20. Qf2 Kb8 21. Rfe1 f5 22. Rc1 b6 23. Nf3 Kb7 24. Rc3 f4 25. exf4 Rxe1+ 26. Qxe1 Nxd4 27. Nxd4 Qxd4+ 28. Qe3 c5 29. Kh2 Qxe3 30. Rxe3 Rd7 31. Re2 c4 32. g4 b5 33. Kg2 a5 34. h4 b4 35. axb4 axb4 36. g5 Kc6 37. f5 hxg5 38. hxg5 Rd5 39. Rf2 c3 40. bxc3 bxc3 41. Kg3 Kc5 42. Kf4 Rd2 43. Rf1 Kd4 44. f6 gxf6 45. gxf6 Kd3 46. Ke5 1/2-1/2